Statistics for Jack and Jill - Dunkaccino - transcript

Click here to take the quiz!

General Stats

  • This quiz has been taken 13 times
  • The average score is 52 of 98

Answer Stats

PersonWord% Correct
a
100%
A
100%
Al
86%
Staff Member #1Al
86%
anymore,
71%
at
71%
Brewing
71%
chocolate
71%
D'in'D
71%
Dunk!
71%
friend.
71%
I
71%
I
71%
it
71%
It's
71%
DunkaccinoIt's
71%
Al PachinoIt's
71%
not
71%
NarratorSomething's
71%
blend!
57%
creamy
57%
do!
57%
DunkaccinoDon't
57%
Dunka
57%
Dunka
57%
Dunka
57%
BothDunka
57%
CrowdDunkaccino!
57%
Dunkaccino.
57%
Dunkaccino.
57%
Dunkaccino.
57%
CrowdDunkaccino!
57%
CrowdDunkaccino!
57%
Staff Member #2Dunkaccino?
57%
CrowdDunkaccino!
57%
game.
57%
if
57%
in
57%
is
57%
mind
57%
my
57%
my
57%
my
57%
my
57%
my
57%
my
57%
name?
57%
name?
57%
new
57%
What's
57%
What's
57%
whole
57%
whole
57%
Customer #1Wow!
57%
back
43%
Can't
43%
Caramel
43%
enough
43%
Everybody
43%
for
43%
from
43%
get
43%
goodness,
43%
hazelnut,
43%
hello
43%
I'm
43%
Kids
43%
know
43%
lining
43%
me
43%
of
43%
of
43%
out
43%
Pachino!
43%
Say
43%
seven
43%
sight.
43%
swirl,
43%
They
43%
This
43%
to
43%
to
43%
too.
43%
trial
43%
up
43%
wants
43%
was
43%
with
43%
DunkaccinoYou
43%
you.
43%
your
43%
Attica,
29%
Hoo-waa,
29%
Latte
29%
like
29%
lite.
29%
pulled
29%
seventeen-o,
29%

Score Distribution

Percentile by Number Answered

Percent of People with Each Score

Your Score History

You have not taken this quiz